First Lines in A Game of Thrones Quiz Stats

Quiz Updated Nov 1, 2015

Challenge
Share
Tweet
Embed
Score 0/30 Timer 10:00
3 Plays Today
Quote Character % Correct
Ned! Ah, but it is good to see that frozen face of yours.Robert Baratheon
83.9%
Yes, Father.Bran Stark
83.3%
In the name of Robert of the House Baratheon, the First of his Name, King of the Andals and the Rhoynar and the First Men, Lord of the Seven Kingdoms and Protector of the Realm...Eddard Stark
82.9%
Hodor!Hodor
82.5%
The deserter died bravely.Robb Stark
77.8%
Is it really mine?Daenerys Targaryen
77.3%
In the kitchen, arguing about names for the wolf pups.Catelyn Tully
74.6%
Home, Shaggy, home now.Rickon Stark
73.8%
Cat. Oh, Cat, how good it is to see you. My sweet sister.Lysa Tully
73.6%
This is beauty. Go on. Touch it. Caress the fabric.Viserys Targaryen
72.7%
Keep the pony well in hand.Jon Snow
71.1%
They... they told me I was to come here for... for training.Samwell Tarly
71%
We were talking about the prince.Sansa Stark
70.7%
What are you talking about?Arya Stark
66.6%
Cat.Petyr Baelish
66.4%
Quote Character % Correct
I do not like it. You should be hand.Cersei Lannister
66.3%
No.Khal Drogo
65.1%
Is it? I doubt that. Spare me your sweet words, Lady Catelyn, I am too old. Why are you here? Is your boy too proud to come before me himself? What am I to do with you?Walder Frey
63.6%
Do you have news of Bran, Uncle?Tommen Baratheon
63.3%
Will Bran get better, Uncle?Myrcella Baratheon
62.5%
Boy. Is that animal a wolf?Tyrion Lannister
61.6%
This is your prince. Who are you to tell him he may not have an edge on his sword, ser?Sandor Clegane
59.2%
Sansa's work is as pretty as she is. She has such fine, delicate hands.Septa Mordane
57.9%
This is a game for children, Ser Rodrik.Joffrey Baratheon
57.9%
You are late, boy.Syrio Forel
57.4%
Sweet lady, no victory is half so beautiful as you.Loras Tyrell
56%
I see that the rumors of your demise were unfounded.Tywin Lannister
53.7%
I am told you can read.Jeor Mormont
51.3%
Crows are all liars. I know a story about a crow.Old Nan
43%
Gods forbid. It's not an honor I'd want. There's far too much work involved.Jaime Lannister
41.4%

You're not logged in!

Compare scores with friends on all Sporcle quizzes.
Sign Up with Email
OR
Log In

You Might Also Like...

Show Comments

Extras

Top Quizzes Today


Score Distribution

Your Account Isn't Verified!

In order to create a playlist on Sporcle, you need to verify the email address you used during registration. Go to your Sporcle Settings to finish the process.